[Event "Bad Woerishofen op"]
[Site "?"]
[Date "2005.03.11"]
[Round "9"]
[White "Kauch, Markus"]
[Black "Mainka, Romuald"]
[Result "0-1"]
[WhiteElo "2241"]
[BlackElo "2454"]
[PlyCount "76"]

1. Nf3 Nf6 2. c4 c5 3. g3 b6 4. Bg2 Bb7 5. O-O e6 6. Nc3 Be7 7. Re1 d6 8. e4 a6
9. d4 cxd4 10. Nxd4 Qc7 11. Be3 O-O 12. Rc1 Nbd7 13. f4 Rfe8 14. g4 g6 15. b3
Bf8 16. Bf2 Rac8 17. Rc2 Qb8 18. h3 Ba8 19. Bg3 e5 20. fxe5 dxe5 21. Nf5 Nc5
22. Bh4 Rc6 23. Nd5 Nxd5 24. exd5 Rcc8 25. Rf1 gxf5 26. gxf5 Qd6 27. f6 e4 28.
Qg4+ Kh8 29. b4 Nd3 30. Bxe4 Rxe4 31. Qxe4 Nxb4 32. Qf5 Qc5+ 33. Bf2 Qc7 34.
Bg3 Qxg3+ 35. Rg2 Qe3+ 36. Kh1 Rxc4 37. Rfg1 Bxd5 38. Qxd5 Qxg1+ 0-1

[Event "Bad Woerishofen op"]
[Site "?"]
[Date "2005.03.11"]
[Round "9"]
[White "Heika, Martin"]
[Black "Salvermoser, Bernd"]
[Result "1-0"]
[WhiteElo "2364"]
[BlackElo "2222"]
[PlyCount "73"]

1. e4 c6 2. d4 d5 3. Nc3 dxe4 4. Nxe4 Nf6 5. Nxf6+ gxf6 6. Nf3 Bg4 7. Be2 e6 8.
O-O Bd6 9. h3 Bh5 10. c4 O-O 11. Nh4 Bg6 12. b3 a5 13. Bb2 Na6 14. Qd2 Qc7 15.
Nxg6 hxg6 16. a3 Kg7 17. Bc3 Nb8 18. b4 a4 19. Rad1 Nd7 20. Qb2 Rh8 21. Rd3 Rh4
22. c5 Bh2+ 23. Kh1 g5 24. b5 Kg6 25. bxc6 bxc6 26. Rb1 f5 27. Qb7 Rb8 28. Qxc7
Bxc7 29. Rxb8 Bxb8 30. Bf3 e5 31. Bxc6 exd4 32. Bxd4 Nxc5 33. Bxc5 Rc4 34. Bd6
Ba7 35. Bb5 Rc1+ 36. Kh2 Bxf2 37. g3 1-0

[Event "Bad Woerishofen sen"]
[Site "?"]
[Date "2005.03.11"]
[Round "9"]
[White "Zhang, Pengxiang"]
[Black "Levin, Felix"]
[Result "1-0"]
[WhiteElo "2560"]
[BlackElo "2498"]
[PlyCount "84"]
[EventDate "2005.03.04"]

1. e4 c6 2. d4 d5 3. e5 Bf5 4. Be3 e6 5. Nd2 Ne7 6. Be2 Bg6 7. f4 h5 8. Ngf3
Nf5 9. Bf2 Be7 10. O-O Nd7 11. Nb3 h4 12. Nfd2 Qc7 13. c4 dxc4 14. Nxc4 Nb6 15.
Nxb6 axb6 16. Bf3 b5 17. Qe2 Bd8 18. Nc5 Ne7 19. Rfc1 b6 20. Nd3 Bxd3 21. Qxd3
Qd7 22. Qc2 Rb8 23. a4 bxa4 24. Rxa4 h3 25. Rc4 Nd5 26. g3 O-O 27. Qe2 b5 28.
R4c2 Bb6 29. Rd1 Rfd8 30. Qf1 Ne7 31. Rcd2 Qa7 32. Be4 Nf5 33. Qxh3 g6 34. Bxf5
exf5 35. g4 fxg4 36. Qxg4 Qd7 37. Qxd7 Rxd7 38. Kg2 Rbd8 39. Kf3 Rd5 40. b4 f5
41. Be3 R5d7 42. Rc1 Bxd4 1-0